000 00835nab a2200253 u 4500
001 16651
003 HDC
007 cr bn ---aaaaa
008 210221c20070728xx dr|noo 0 a eng d
040 _aHDC
100 _aAhmed ElAmin
_eauthor
_916376
245 0 _aISO standard set for food traceability / by
_cAhmed ElAmin
260 _a[No place] :
_b[publisher not identified],
_c2007
336 _atext
_2rdacontent
337 _acomputer
_2rdamedia
338 _aonline resource
_2rdacarrier
650 _afood industry
_9536
650 _afood traceability
_95196
710 _aHalal Focus
856 _zRequest full-text at [email protected]
942 _2lcc
942 _cNEWS
942 _kNWSO 005734
999 _c13967
_d13967